<?xml version="1.0" encoding="UTF-8"?>
<collection xmlns:xsi="http://www.w3.org/2001/XMLSchema-instance" xsi:schemaLocation="http://www.loc.gov/MARC21/slim http://www.loc.gov/standards/marcxml/schema/MARC21slim.xsd" xmlns="http://www.loc.gov/MARC21/slim">
 <record>
  <leader>00000cmm a22000004a 4500</leader>
  <controlfield tag="001">UP-99796217611368614</controlfield>
  <controlfield tag="003">Buklod</controlfield>
  <controlfield tag="005">20230504003249.0</controlfield>
  <controlfield tag="006">m     o  j        </controlfield>
  <controlfield tag="007">cr |n |||auu|a</controlfield>
  <controlfield tag="008">121116s2011    xx         u        eng d</controlfield>
  <datafield tag="020" ind1=" " ind2=" ">
   <subfield code="a">9783642176357 (eBook)</subfield>
  </datafield>
  <datafield tag="020" ind1=" " ind2=" ">
   <subfield code="a">3642176356 (eBook)</subfield>
  </datafield>
  <datafield tag="035" ind1=" " ind2=" ">
   <subfield code="a">(iLib)UPD-00227806330</subfield>
  </datafield>
  <datafield tag="040" ind1=" " ind2=" ">
   <subfield code="a">DML</subfield>
  </datafield>
  <datafield tag="041" ind1="0" ind2=" ">
   <subfield code="a">eng</subfield>
  </datafield>
  <datafield tag="042" ind1=" " ind2=" ">
   <subfield code="a">DMLUC</subfield>
  </datafield>
  <datafield tag="084" ind1=" " ind2=" ">
   <subfield code="a">Q 295</subfield>
   <subfield code="b">I58 2004eb</subfield>
  </datafield>
  <datafield tag="111" ind1="2" ind2=" ">
   <subfield code="a">International Conference on Complex Systems</subfield>
   <subfield code="c">Boston, Mass.)</subfield>
   <subfield code="d">2004</subfield>
   <subfield code="n">(5th</subfield>
  </datafield>
  <datafield tag="245" ind1="1" ind2="0">
   <subfield code="a">Unifying themes in complex systems V</subfield>
   <subfield code="b">proceedings of the Fifth International Conference on Complex Systems</subfield>
   <subfield code="h">[electronic resource]</subfield>
   <subfield code="c">edited by Ali A. Minai, Dan Braha, and Yaneer Bar-Yam.</subfield>
  </datafield>
  <datafield tag="264" ind1=" " ind2="1">
   <subfield code="a">Berlin</subfield>
   <subfield code="a">New York</subfield>
   <subfield code="b">Springer</subfield>
   <subfield code="c">c2010.</subfield>
  </datafield>
  <datafield tag="300" ind1=" " ind2=" ">
   <subfield code="a">1 online resource (xxix, 351 p.)</subfield>
  </datafield>
  <datafield tag="490" ind1="0" ind2=" ">
   <subfield code="a">Springer complexity</subfield>
  </datafield>
  <datafield tag="490" ind1="0" ind2=" ">
   <subfield code="a">New England Complex Systems Institute series on complexity</subfield>
  </datafield>
  <datafield tag="505" ind1="0" ind2=" ">
   <subfield code="a">Introduction -- Organization -- Conference Programme -- A Simple Approach to Multi-Predator Multi-Rey Pursuit Domain -- Simulated Niche Partitioning by Bacteria -- Predictive Modeling for Fisheries Management in the Colombian Amazon -- Complexity and Diversity of Digraphs -- Complex Knowledge Networks and Invention Collaboration -- Random Evolution of Idiotypic Networks and Invention Collaboration -- Random Evolution of Idiotypic Netwworks: Dynamics and Architecture -- Constructing Scale-Free Networks by a Matrix Stability Approach -- Fractal Patterns of Medeled Zoning Patterns in Calcite -- Complexity and Army Transformation -- A Model of Biological Attacks on a Realistic Population -- Cartography Applications for Autonomous Sensory Agents -- Dissipation and Statistical Mechanics of Granular Gas -- The Nash Equlilibrium Revistited -- Adaption and Coevolution on an Emergent Global Competitive Landscape -- Complex Dynamics of the Cardiac Rhythms -- The Ecological Ideal Free Distribution and Distributed Networked Control Systems -- Protocol Requirements for Self-Organizing Artifacts: Towards an Ambient Intelligence -- Modeling Social Structure as Networks Effects: Rewards for Learning Improve Performance -- Permeable Boundaries in Organizational Learning -- Mobility of Innovators and Prosperity of Geographical Technology Clusters -- Towards Computing the Battle for Hearts and Minds: Lessons from the Vendée -- The Structure of Algal Population in the Presence of Toxicants -- Vortex Analogue of Molecules -- Handling Resource Oscillations Through Selective Misinformation -- On the Evolution of Structure in Ecological Networks -- Spatio-temporal Dynamics in a Turing Model -- Evolution of Money Distribution in a Simple Economic Model -- Chaos as a Bridge Between Determinism and Probaliblity in Quantum Mechanics -- The Use of Fractal Dimension Calculation Algorithm to Determine the Nature of Autobiographical Memories Distribution across the Life Span.-An Formally Exact Solution for a Time-Dependent Quantum System -- Human-technology Integration -- Crafting a Social Context for Medical Informatics Networks -- Modeling Safety Outcomes on Patient Care Units -- Defining Emergent Descriptions by Information Preservation. - Universality Classes of Complexity -- Anti-Resonance in Complex Systems -- Networks of Genetic Loci and the Scientific Literature -- A Multi-Modeling Approach to the Study of Animla Behaviour -- Patterns of Negotioation: A New Way of Looking at Martketplace B2B Negotiations -- Organized All the Way Down: The Local Complexity of &quot;Thick&quot; Social Systems&quot; -- Comparing the Dynamics of Stomatal Networks to the Problem-Solving Dynamics of Cellular Computers -- A New Approach to Ecological Risk Assessment: Simulating effects of Global Warming on Complex Ecological Networks.</subfield>
  </datafield>
  <datafield tag="506" ind1=" " ind2=" ">
   <subfield code="a">IP-based subscription, access limited to within on-campus computer network. Access via Electronic Resources of the UPD University Library Website.</subfield>
  </datafield>
  <datafield tag="520" ind1=" " ind2=" ">
   <subfield code="a">The International Conference on Complex Systems (ICCS) creates a unique atmosphere for scientists of all fields, engineers, physicians, executives, and a host of other professionals to explore common themes and applications of complex system science. With this new volume, Unifying Themes in Complex Systems continues to build common ground between the wide-ranging domains of complex system science.</subfield>
  </datafield>
  <datafield tag="533" ind1=" " ind2=" ">
   <subfield code="a">Electronic reproduction.</subfield>
   <subfield code="b">New York</subfield>
   <subfield code="c">SpringerLink</subfield>
   <subfield code="d">c2011.</subfield>
   <subfield code="n">Available via World Wide Web through SpringerLink.</subfield>
  </datafield>
  <datafield tag="650" ind1=" " ind2="0">
   <subfield code="a">System theory</subfield>
   <subfield code="v">Congresses.</subfield>
  </datafield>
  <datafield tag="650" ind1=" " ind2="0">
   <subfield code="a">Computational complexity</subfield>
   <subfield code="v">Congresses.</subfield>
  </datafield>
  <datafield tag="650" ind1=" " ind2="0">
   <subfield code="a">Electronic books.</subfield>
  </datafield>
  <datafield tag="700" ind1="1" ind2=" ">
   <subfield code="a">Minai, Ali.</subfield>
  </datafield>
  <datafield tag="700" ind1="1" ind2=" ">
   <subfield code="a">Braha, Dan.</subfield>
  </datafield>
  <datafield tag="700" ind1="1" ind2=" ">
   <subfield code="a">Bar-Yam, Yaneer.</subfield>
  </datafield>
  <datafield tag="710" ind1="2" ind2="2">
   <subfield code="a">SpringerLink (Online service).</subfield>
  </datafield>
  <datafield tag="842" ind1=" " ind2=" ">
   <subfield code="a">Electronic Resource</subfield>
  </datafield>
  <datafield tag="856" ind1="4" ind2="0">
   <subfield code="y">Available for University of the Philippines Diliman via SpringerLink. Click here to access</subfield>
   <subfield code="u">http://dx.doi.org/10.1007/978-3-642-17635-7</subfield>
  </datafield>
  <datafield tag="905" ind1=" " ind2=" ">
   <subfield code="a">FO</subfield>
  </datafield>
  <datafield tag="950" ind1=" " ind2=" ">
   <subfield code="a">Monograph</subfield>
  </datafield>
  <datafield tag="852" ind1="0" ind2=" ">
   <subfield code="a">UPD</subfield>
   <subfield code="b">DMLR</subfield>
  </datafield>
  <datafield tag="942" ind1=" " ind2=" ">
   <subfield code="a">Electronic Resource</subfield>
  </datafield>
 </record>
</collection>
